000 00500nam a2200181Ia 4500
003 GCL
008 140319s9999 xx 000 0 ara d
040 _aGCL /
_cGCL
082 0 4 _a813.01
_bع س
100 1 _aعلى المنجى
245 1 0 _aالسيف والتابوت /
_cعلى المنجى
490 _aكتاب
_v0
650 0 4 _aالادب العربى
650 0 4 _aالقصص العربية
650 0 4 _aمصر
650 0 4 _aالقصص العربية القصيرة
942 _2ddc
_cBK
999 _c42124
_d42124